| 000 | 00644nam a2200205Ia 4500 | ||
|---|---|---|---|
| 005 | 20250508162323.0 | ||
| 008 | 008 250505s9999 xx 000 0 eng d | ||
| 037 | _aTextual | ||
| 040 |
_aFEDL _beng _cFEDL |
||
| 041 |
_aeng _2eng |
||
| 084 |
_a371.42, GRE _qFEDL |
||
| 100 |
_aGrewal J. S. _9448331 |
||
| 245 | 0 | _aVocational environment and educational and occupational choices | |
| 260 |
_aAgra, India _bNational Psychological Corporation _c1980 |
||
| 300 | _axiv,272p. | ||
| 490 | _aBhargava research monograph No 11 | ||
| 700 |
_a Chatterjee B. B. _9772852 |
||
| 942 |
_cTEXL _h371.42, GRE |
||
| 999 |
_c1375825 _d1375825 |
||